Central Library, Doon University
WEBOPAC (ONLINE PUBLIC ACCESS CATALOGUE)

GPS Satellite Surveying (Record no. 60769)

MARC details
000 -LEADER
fixed length control field 00553nam a22002057a 4500
005 - DATE & TIME
control field 20260512163209.0
008 - FIXED-LENGTH DATA ELEMENTS--GENERAL INFORMATION
fixed length control field 260512b |||||||| |||| 00| 0 eng d
020 ## - ISBN
International Standard Book Number 9788126574568
Price 1295.00
040 ## - CATALOGING SOURCE
Original cataloging agency Doon University
041 ## - Language
Language English
082 ## - DDC NUMBER
Classification number 621.391
Book Number LEI
100 ## - MAIN ENTRY--PERSONAL NAME
Personal name Leick, Alfred
245 ## - TITLE STATEMENT
Title GPS Satellite Surveying
260 ## - PUBLICATION, DISTRIBUTION, ETC. (IMPRINT)
Place of publication, distribution, etc New Delhi
Name of publisher, distributor, etc Wiley Blackwell
Date of publication, distribution, etc 2018
300 ## - PHYSICAL DESCRIPTION
Pages 817
650 ## - Subject
Subject Environment Science (PM USHA)
700 ## - Added Entry Personal Name
Added Entry Personal Name Rapoport, Lev
700 ## - Added Entry Personal Name
Added Entry Personal Name Tatarnikov, Dmitry
942 ## - ADDED ENTRY ELEMENTS (KOHA)
Koha item type Books
100 ## - MAIN ENTRY--PERSONAL NAME
-- 26792
650 ## - Subject
-- 26725
700 ## - Added Entry Personal Name
-- 26793
700 ## - Added Entry Personal Name
-- 26794
952 ## - LOCATION AND ITEM INFORMATION (KOHA)
-- 2026-05-12
952 ## - LOCATION AND ITEM INFORMATION (KOHA)
-- 2026-05-12
952 ## - LOCATION AND ITEM INFORMATION (KOHA)
-- 2026-05-12
Holdings
Withdrawn status Lost status Source of classification or shelving scheme Damaged status Not for loan Location (home branch) Sublocation or collection (holding branch) Date acquired Koha full call number Accession No. Koha date last seen Koha item type Koha issues (times borrowed)
        Not For Loan Doon University Doon University 12.05.2026 621.391 LEI 32995 12.05.2026 Reference  
          Doon University Doon University 12.05.2026 621.391 LEI 32996 12.05.2026 Books  
          Doon University Doon University 12.05.2026 621.391 LEI 32997 12.05.2026 Books  
Contact : +91-135-2533126 (Library),+91-135-2533105 (Admin Office) , Email : doonlibrary@gmail.com

Powered by Koha